000 00782nam a2200289Ia 4500
005 20260324113016.0
008 008 260324s9999 xx 000 0 eng d
020 _a9781032718323
037 _aEBOOK
040 _aCRL
040 _beng
040 _cCRL
041 _2eng
041 _aeng
084 _qCRL
100 _aKuldeep Chaurasia; Pradeep Kumar Garg; Arun P V; Yingewi Yan
_91145051
245 0 _aSpatial Intelligence for a Greener Planet
245 0 _bAI Applications in Environmental Pollution Mapping, Analysis and Mitigation
260 _bTaylor and Francis
260 _c2024
365 _a
365 _b240
856 _uhttp://www.taylorfrancis.com/books/9781032718323
942 _cEBOOK
999 _c1734469
_d1734469